Представление документа в формате MARC21

Поле Инд. ПП Название Значение
Тип записи a
Библиографический уровень m
001 Контрольный номер fdfd3242b0e64ae8bf02e462b3315c5a
005 Дата корректировки 20250629152358.7
084 a Индекс другой классификации/Индекс ББК 75
091 i Возрастная адресация (DOS) 12+
097 b Оператор Чирова
245 10 a Заглавие Физкультура и спорт
n Номер части/ раздела 6
260 c Дата издания 2025
900 a Имя макрообъекта E0041D100131B239
901 t Тип документа s